000 00844nam0a22002171 4500
001 rc\2638539
005 20250529185208.0
035 _a(NLR Aleph) 006946651
090 _a5205805
_c5205805
100 _a20110602d1930 |||y0rusy50 ca
101 0 _arus
102 _aRU
105 _ay z |||||
200 1 _aОсновные задачи рыбной промышленности на ближайший период
_eРезолюции по докладу т. Андрианова Ф.И.
210 _a[Астрахань]
_cБ. и.
_d1930
700 1 _7ca
_8rus
_aАндрианов
_bФ. И.
_cпарт. и хоз. деятель, рыб. пром-сть
_f1894-1938
_gФедор Иванович
_9189337
_3RU\NLR\AUTH\770189388
801 0 _aRU
_bNLR
_gpsbo
801 1 _aRU
_bELAR
_2rusmarc
852 _aNLR
_j30-13/130
942 _cBOOK
980 _aNB